000 00904cam a22002777a 4500
003 CHAP
005 20220329133827.0
008 971013s1969 r 00010 d
010 _a11456
011 _a12428
035 _a15614
040 _cCHAP
082 _a634.98
_bM47
100 0 0 _aMerino Sanders, Roberto.
_974986
245 0 _aPosibilidades y tamaño del desarrollo industrial forestal de México
260 _a[s.l.] :
_bAsociación Mexicana de Profesionistas Forestales,
_c(1969?)
300 _a217 p. mapa
590 _aBATCH-UPD
_b10
_c20130110
_lUCH01
_h2208
590 _aBATCH-UPD
_b10
_c20130410
_lUCH01
_h1512
590 _aBATCH-UPD
_b10
_c20130914
_lUCH01
_h1637
590 _aCONVERSION
_b10
_c20130109
_lUCH01
_h1308
650 1 4 _aIndustrias forestales
_zMéxico.
_958006
901 _aBK
942 _cLIBRO
949 _a634.98 M47
_bBC
_cLIBRO
_d33724000238820
_eLIBRO
_h72184
_i15614
_si
999 _c11456
_d11456